000 00245pam a2200133 a 4500
020 _c
041 _h
100 _aScot Joral
245 _aWaste Land Development
260 _c1996
300 _a72
653 _aEnvironment
930 _a925
999 _c246778
_d246778